| 000 | 01041cam a2200265 i 4500 | ||
|---|---|---|---|
| 001 | 17785280 | ||
| 005 | 20170105102424.0 | ||
| 008 | 130620s2014 enka b 001 0 eng | ||
| 010 | _a 2013023533 | ||
| 020 | _a9781118720684 (cloth) | ||
| 040 |
_aDLC _beng _cDLC _erda _dDLC |
||
| 042 | _apcc | ||
| 050 | 0 | 0 |
_aTK3105 _b.M53 2014 |
| 082 | 0 | 0 |
_a621.31 _223 |
| 245 | 0 | 0 |
_aMicrogrids : architectures and control _cedited by professor Nikos Hatziargyriou. |
| 300 |
_axxi, 317 pages : _billustrations ; _c26 cm |
||
| 504 | _aIncludes bibliographical references and index. | ||
| 650 | 0 | _aSmart power grids. | |
| 650 | 0 | _aSmall power production facilities. | |
| 700 | 1 |
_aHatziargyriou, Nikos, _eeditor of compilation. |
|
| 776 | 0 | 8 |
_iOnline version: _tMicrogrid _dChichester, West Sussex, United Kingdom : John Wiley & Sons Inc., 2013 _z9781118720646 _w(DLC) 2013025351 |
| 906 |
_a7 _bcbc _corignew _d1 _eecip _f20 _gy-gencatlg |
||
| 942 |
_2ddc _cBK |
||
| 999 |
_c13582 _d13582 |
||